| 000 | 01667cam a2200325 a 4500 | ||
|---|---|---|---|
| 001 | 15032908 | ||
| 005 | 20080721175840.0 | ||
| 008 | 071003s2008 okua b 001 0 eng | ||
| 010 | _a2007041130 | ||
| 020 | _a9781593701383 (pbk.) | ||
| 020 | _a1593701381 (pbk.) | ||
| 035 | _a(OCoLC)ocn174040222 | ||
| 035 | _a(OCoLC)174040222 | ||
| 040 |
_aDLC _cDLC _dYDX _dBAKER _dBTCTA _dYDXCP _dDLC |
||
| 050 | 0 | 0 |
_aTN871.35 _b.E94 2008 |
| 082 | 0 | 0 |
_a622.1828 _222 _bEVE |
| 100 | 1 |
_aEvenick, Jonathan. _94420 |
|
| 245 | 1 | 0 |
_aIntroduction to Well logs & Subsurface Maps / _cJonathan Evenick. |
| 246 | 3 | _aIntroduction to well logs and subsurface maps | |
| 260 |
_aTulsa, Okla. : _bPennWell, _cc2008. |
||
| 300 |
_axiii, 236 p. : _bill. ; _c23 cm. |
||
| 504 | _aIncludes bibliographical references (p. [225]-226) and index. | ||
| 650 | 0 |
_aGeophysical well logging _xData processing. _94421 |
|
| 650 | 0 |
_aGeological mapping _xData processing. _94422 |
|
| 942 |
_2ddc _cBB |
||
| 999 |
_c11453 _d11453 |
||